| 000 | 00403nam a22001457a 4500 | ||
|---|---|---|---|
| 999 |
_c524130 _d524130 |
||
| 020 | _a92-833-2204-5 | ||
| 040 | _cNUST | ||
| 082 |
_a658.408 _bISO |
||
| 100 |
_aAsian productivity organization _914952 |
||
| 245 | _aISO 14000 for small and medium enterprises / | ||
| 260 |
_aTokyo : _bAsian productivity organization, _c1997. |
||
| 300 |
_a113 p. : _c18 cm. |
||
| 500 | _aPaperback | ||
| 942 |
_2ddc _cBK |
||